| 000 | 00688cam a22002173a 4500 | ||
|---|---|---|---|
| 001 | 43089 | ||
| 003 | PGUSA | ||
| 005 | 20140828083959.0 | ||
| 008 | 130703s2013||||xxu|||||s|||||000 | eng d | ||
| 040 |
_aPGUSA _beng |
||
| 042 | _adc | ||
| 100 | 1 |
_aChaucer, Geoffrey, _d1342-1400 |
|
| 245 | 1 | 0 |
_aChaucer's Works, Volume 1 (of 7) — Romaunt of the Rose; Minor Poems _h[electronic resource] / _cGeoffrey Chaucer |
| 260 |
_bProject Gutenberg, _c2013 |
||
| 506 | _aPublic domain in the USA. | ||
| 516 | _aElectronic text | ||
| 700 | 1 |
_aSkeat, Walter W. _q(Walter William), _d1835-1912 |
|
| 830 | 0 |
_aProject Gutenberg _v43089 |
|
| 856 | 4 | 0 | _uhttp://www.gutenberg.org/ebooks/43089 |
| 942 | _cEB | ||
| 999 |
_c272340 _d272340 |
||